| 000 | 00662nam a2200241Ia 4500 | ||
|---|---|---|---|
| 008 | 220216s9999 xx 000 0 und d | ||
| 100 | _aJoseph P | ||
| 245 | 0 | _aExtent of adoption of recommended agronomic practices in natural rubber plantations of South India | |
| 260 |
_bRubber Science _c2018 |
||
| 300 | _a164-179 | ||
| 650 | _aAgro-management practices | ||
| 650 | _aExtent of adoption | ||
| 650 | _aHevea brasiliensis | ||
| 650 | _aNatural rubber | ||
| 700 | _aBiju B | ||
| 700 | _aCyriac Joyce | ||
| 700 | _aEappen T | ||
| 700 | _aGeorge S | ||
| 700 | _aJessy M.D | ||
| 700 | _aPrasannakumari P | ||
| 700 | _aUlaganathan A | ||
| 942 | _cBS | ||
| 999 |
_c48512 _d48512 |
||